External determinants of agricultural policy in the Czech Republic

Formovanie zámerov strategického rozvoja českého poľnohospodárstva je vymedzené z hľadiska vonkajších faktorov európskych integračných procesov a posilnenia tendencií globalizácie. Tento viacrozmerný proces je hnacou silou a prostriedkom mnohých rozvojových trendov. Trvalo udržateľná dimenzia global...

ver descrição completa

Na minha lista:
Detalhes bibliográficos
Autor principal: Svatoš, Miroslav
Formato: Capítulo de Livro
Idioma:inglês
Assuntos:
Tags: Adicionar Tag
Sem tags, seja o primeiro a adicionar uma tag!

MARC

LEADER 00000naa a2200000 4500
001 r046936
005 20231004091455.2
041 0 |a eng 
044 |a CZ 
245 1 0 |a External determinants of agricultural policy in the Czech Republic  |c Miroslav Svatoš 
520 |a Formovanie zámerov strategického rozvoja českého poľnohospodárstva je vymedzené z hľadiska vonkajších faktorov európskych integračných procesov a posilnenia tendencií globalizácie. Tento viacrozmerný proces je hnacou silou a prostriedkom mnohých rozvojových trendov. Trvalo udržateľná dimenzia globalizácie je utváraná v rámci svetového spoločenstva, svetovej ekonomiky, svetovej ekológie a svetovej politiky. Problematika svetového poľnohospodárstva leží v strete týchto trendov a predstavuje východisko k formovaniu európskej a českej poľnohospodárskej politiky. 
610 2 0 |a politika poľnohospodárska 
610 2 0 |a Česko 
610 2 0 |a globalizácia 
610 2 0 |a integrácia ekonomická medzinárodná 
610 2 0 |a rozvoj trvalo udržateľný 
100 1 |a Svatoš, Miroslav